[Event "Girona Gerunda op"]
[Site "Girona"]
[Date "2021.07.20"]
[Round "3"]
[White "Puig Aliu, Daniel"]
[Black "Benet Saniger, Xavier"]
[Result "0-1"]
[WhiteElo "1684"]
[BlackElo "1940"]
[PlyCount "64"]
[EventDate "2021.07.19"]
[EventType "swiss"]
[EventRounds "9"]
[EventCountry "ESP"]
[SourceTitle "EXT 2022"]
[Source "ChessBase"]
[SourceDate "2021.10.06"]
[SourceVersion "1"]
[SourceVersionDate "2021.10.06"]
[SourceQuality "1"]

1. d4 d5 2. g3 Nf6 3. Bg2 e6 4. Nf3 Be7 5. 0-0 0-0 6. c4 c6 7. Nbd2 b6 8. Qc2 Bb7 9. e4 Na6 10. a3 c5 11. Rd1 Nxe4 12. Nxe4 dxe4 13. dxc5 Qc7 14. Ng5 Bxg5 15. Bxg5 Nxc5 16. b4 Nd3 17. Qe2 f5 18. Ra2 h6 19. Be3 Rad8 20. Rc2 Ba6 21. Qh5 Bxc4 22. Bf1 b5 23. Bxd3 Rxd3 24. Rxd3 exd3 25. Rd2 e5 26. Bc5 Rf7 27. Qg6 Qd7 28. Qa6 Qd5 29. Qc8+ Kh7 30. Qe8 Qf3 31. Rxd3 Qxd3 32. Qxf7 Bxf7 0-1

[Event "Vall del Tenes op 4th"]
[Site "Santa Eulalia de Roncana"]
[Date "2015.04.24"]
[Round "3"]
[White "Benet Saniger, Xavier"]
[Black "Buldo Polls, Joan"]
[Result "1/2-1/2"]
[WhiteElo "1999"]
[BlackElo "2095"]
[PlyCount "28"]
[EventDate "2015.04.10"]
[EventType "swiss"]
[EventRounds "8"]
[EventCountry "ESP"]
[SourceTitle "CBM 166 Extra"]
[Source "ChessBase"]
[SourceDate "2015.06.18"]
[SourceVersion "1"]
[SourceVersionDate "2015.06.18"]
[SourceQuality "1"]

1. Nf3 Nf6 2. d4 g6 3. h3 Bg7 4. Bf4 0-0 5. e3 c5 6. c3 Qb6 7. Qb3 Qxb3 8. axb3 Nc6 9. dxc5 Ne4 10. b4 d5 11. cxd6 Nxd6 12. Bxd6 exd6 13. Bd3 Bd7 14. Nbd2 d5 1/2-1/2

[Event "Vall del Tenes op 2nd"]
[Site "Vall del Tenes"]
[Date "2013.05.24"]
[Round "7"]
[White "Benet Saniger, Xavier"]
[Black "Urena Casacuberta, Lluis"]
[Result "0-1"]
[WhiteElo "1801"]
[BlackElo "1912"]
[PlyCount "82"]
[EventDate "2013.04.05"]
[EventType "swiss"]
[EventRounds "8"]
[EventCountry "ESP"]
[SourceTitle "EXT 2014"]
[Source "ChessBase"]
[SourceDate "2013.11.20"]
[SourceVersion "1"]
[SourceVersionDate "2013.11.20"]
[SourceQuality "1"]

1. d4 Nf6 2. c4 c5 3. d5 b5 4. b3 bxc4 5. bxc4 g6 6. Bb2 d6 7. e4 Bg7 8. Be2 0-0 9. Nd2 Qa5 10. Qc2 Na6 11. a3 Rb8 12. Bc3 Qc7 13. Ngf3 Nd7 14. 0-0 Bxc3 15. Qxc3 f6 16. Bd1 Nb6 17. Nb3 Na4 18. Qa5 Qxa5 19. Nxa5 Bd7 20. Nd2 Rb2 21. Ndb3 Rb8 22. f3 Nc3 23. Nc1 R8b6 24. Nd3 Rd2 25. Nf4 Rbb2 26. Nb3 Rxd1 27. Rfxd1 Nxd1 28. Na5 Nc3 29. Nc6 Rb1+ 30. Rxb1 Nxb1 31. Nxe7+ Kf7 32. Nc6 Bxc6 33. dxc6 Nc7 34. Nd5 Nxd5 35. exd5 Ke7 36. Kf2 Nxa3 37. Ke3 Nxc4+ 38. Kd3 Nb6 39. Kc3 Kd8 40. g4 g5 41. h4 Kc7 0-1

[Event "Vall del Tenes op 2nd"]
[Site "Vall del Tenes"]
[Date "2013.05.03"]
[Round "4"]
[White "Valls Matheu, Albert"]
[Black "Benet Saniger, Xavier"]
[Result "0-1"]
[WhiteElo "1700"]
[BlackElo "1801"]
[PlyCount "60"]
[EventDate "2013.04.05"]
[EventType "swiss"]
[EventRounds "8"]
[EventCountry "ESP"]
[SourceTitle "EXT 2014"]
[Source "ChessBase"]
[SourceDate "2013.11.20"]
[SourceVersion "1"]
[SourceVersionDate "2013.11.20"]
[SourceQuality "1"]

1. e4 c6 2. d4 d5 3. e5 Bf5 4. Nf3 e6 5. a3 Nd7 6. Bd2 c5 7. Nc3 Ne7 8. Nb5 Nc8 9. Be2 a6 10. Nc3 b5 11. Bf4 Qc7 12. 0-0 cxd4 13. Qxd4 Bc5 14. Qd2 Ne7 15. b4 Ba7 16. a4 0-0 17. axb5 Rfc8 18. Ra3 Ng6 19. Bg3 Ngxe5 20. Rxa6 Nxf3+ 21. Bxf3 Qxc3 22. Qe2 Bd4 23. Rd6 Ne5 24. Rd1 Ra1 25. b6 Rxd1+ 26. Qxd1 Qxb4 27. b7 Rb8 28. Ra6 Qxb7 29. Qe2 Qxa6 30. Kf1 Rb1# 0-1

[Event "Barcelona Sant Marti op-B 14th"]
[Site "Barcelona"]
[Date "2012.07.14"]
[Round "2"]
[White "Santolaria Pena, Manel"]
[Black "Benet Saniger, Xavier"]
[Result "1-0"]
[WhiteElo "1931"]
[BlackElo "1795"]
[PlyCount "115"]
[EventDate "2012.07.13"]
[EventType "swiss"]
[EventRounds "9"]
[EventCountry "ESP"]
[SourceTitle "CBM 149 Extra"]
[Source "ChessBase"]
[SourceDate "2012.08.24"]
[SourceVersion "1"]
[SourceVersionDate "2012.08.24"]
[SourceQuality "1"]

1. d4 Nf6 2. Nf3 d5 3. e3 c5 4. c3 cxd4 5. exd4 e6 6. Bd3 Bd6 7. Nbd2 Qc7 8. Qe2 Nbd7 9. 0-0 0-0 10. Re1 a6 11. Ne5 b5 12. Ndf3 Bb7 13. Nxd7 Qxd7 14. Ne5 Qc7 15. f3 Rae8 16. a4 bxa4 17. Rxa4 Nd7 18. g3 Nb6 19. Ra1 f6 20. Ng4 Nc4 21. Qc2 g6 22. Bh6 Rf7 23. Be3 Nxe3 24. Rxe3 Kg7 25. Rae1 Rfe7 26. Qd2 h5 27. Nf2 e5 28. Qc2 f5 29. dxe5 Rxe5 30. Rxe5 Rxe5 31. Rxe5 Bxe5 32. Qe2 a5 33. f4 Bf6 34. Bb5 Qc5 35. Kf1 Qe7 36. Qxe7+ Bxe7 37. Ke2 Bf6 38. Nd3 Kf7 39. Nc5 Bc8 40. Kd3 h4 41. Bc6 Ke7 42. Nb3 Kd6 43. Be8 hxg3 44. hxg3 Bd8 45. Bxg6 Bb6 46. Nd4 Ba6+ 47. Ke3 Bc8 48. Kf3 Bxd4 49. cxd4 a4 50. Be8 Kc7 51. Bxa4 Kb6 52. b4 Kc7 53. Be8 Be6 54. Bh5 Kb6 55. g4 Kb5 56. gxf5 Bg8 57. f6 Kxb4 58. f7 1-0

[Event "Llinars del Valles op-B 6th"]
[Site "Llinars del Valles"]
[Date "2012.05.19"]
[Round "6"]
[White "Benet Saniger, Xavier"]
[Black "Corrales Adamuz, Cristian"]
[Result "1-0"]
[WhiteElo "1752"]
[BlackElo "1849"]
[PlyCount "111"]
[EventDate "2012.04.14"]
[EventType "swiss"]
[EventRounds "9"]
[EventCountry "ESP"]
[SourceTitle "EXT 2013"]
[Source "ChessBase"]
[SourceDate "2012.11.22"]
[SourceVersion "1"]
[SourceVersionDate "2012.11.22"]
[SourceQuality "1"]

1. d4 d5 2. c4 e6 3. Nc3 Nf6 4. Bg5 c6 5. cxd5 exd5 6. e3 Be7 7. Bd3 Ne4 8. Bxe7 Qxe7 9. Qc2 f5 10. Nge2 Nd7 11. 0-0 Ndf6 12. Rab1 0-0 13. b4 b6 14. b5 c5 15. dxc5 bxc5 16. Nf4 Bb7 17. a4 g5 18. Nh3 Nd7 19. a5 Rab8 20. Rfe1 Qf6 21. Na4 c4 22. Bf1 Nec5 23. b6 a6 24. Nc3 Nb3 25. Nxd5 Qg7 26. Bxc4 Nxa5 27. Nf6+ Kh8 28. Nxd7 Nxc4 29. Qxc4 Qxd7 30. Nxg5 Qg7 31. Qd4 Rf6 32. Qf4 Rg8 33. Rec1 Qxg5 34. Qxg5 Rxg5 35. Kf1 Rgg6 36. Rc7 Rxb6 37. Rxb7 Rxb1+ 38. Rxb1 Kg7 39. Ra1 Rd6 40. Ke2 Kf6 41. Ra5 h5 42. f3 Kg6 43. e4 fxe4 44. fxe4 Rb6 45. Kf3 Rf6+ 46. Ke3 h4 47. g4 hxg3 48. hxg3 Kf7 49. e5 Re6 50. Ke4 Kg6 51. Rd5 Kg5 52. Rd6 Rxd6 53. exd6 Kf6 54. Kd5 Kf7 55. Kc6 Ke8 56. Kc7 1-0

[Event "Vic Ciutat op"]
[Site "Vic"]
[Date "2010.10.26"]
[Round "3.4"]
[White "Benet Saniger, Xavier"]
[Black "Canal Sala, Llorens"]
[Result "1/2-1/2"]
[WhiteElo "1754"]
[BlackElo "2013"]
[PlyCount "66"]
[EventDate "2010.10.05"]
[EventType "swiss"]
[EventRounds "8"]
[EventCountry "ESP"]
[SourceTitle "EXT 2024"]
[Source "ChessBase"]
[SourceDate "2023.10.10"]
[SourceVersion "1"]
[SourceVersionDate "2023.10.10"]
[SourceQuality "1"]

1. Nf3 Nf6 2. d4 d5 3. c4 c6 4. Nc3 e6 5. e3 Be7 6. cxd5 exd5 7. Bd3 Bg4 8. h3 Bh5 9. g4 Bg6 10. Ne5 Nbd7 11. f4 Bxd3 12. Qxd3 Bb4 13. Bd2 Bxc3 14. Bxc3 Ne4 15. h4 f6 16. Nf3 Qe7 17. Nd2 Nxc3 18. bxc3 0-0 19. Kf2 Rae8 20. Rae1 Nb6 21. e4 Qc7 22. Kf3 dxe4+ 23. Rxe4 Nd5 24. Rhe1 Rxe4 25. Rxe4 b5 26. Nb3 Qc8 27. f5 Re8 28. Nc5 Rxe4 29. Nxe4 Qc7 30. Qd2 Kf7 31. Nc5 Qe7 32. Ne6 Qd6 33. Qe1 Kg8 1/2-1/2